| 000 | 00410nam a2200169Ia 4500 | ||
|---|---|---|---|
| 008 | 250428s9999 xx 000 0 und d | ||
| 020 | _a9798460912742 | ||
| 082 | _a006.78 LIM | ||
| 100 | _aLim, Greg | ||
| 245 | 0 | _aBeginning Mean Stack development | |
| 250 | _aN/A | ||
| 260 |
_aN/A _bN/A _c2021 |
||
| 300 | _a167p. | ||
| 600 | _aComputer Science | ||
| 650 | _aComputer Systems Engineering | ||
| 942 | _cBK | ||
| 999 |
_c27233 _d27233 |
||